La Evaluación de los programas de acción social

Sparad:
Bibliografiska uppgifter
Huvudupphovsman: Hyman, Herbert H.
Övriga upphovsmän: Wright, Charles R.
Materialtyp: Text
Publicerad: San José :
Taggar: Lägg till en tagg
Inga taggar, Lägg till första taggen!

MARC

LEADER 00000 a a2200000 04500
001 17874
003
040
090 |a 005900  
100 |a Hyman, Herbert H.  
245 |a La Evaluación de los programas de acción social   |a Hyman, Herbert H.  
260 |a San José :  
300 |a 39 p.  
700 |a Wright, Charles R.  
999 |c 14869  |d 14869